000 00599cam a22002052 4500
001 0000000123
005 20151021151037.0
008 070111s xx 000 0 eng d
020 _a027361424X :
_cGBP 39.99
040 _aKABU
_cKABU
100 1 _aKlein, Gerald.
_@0000148144
245 1 0 _aDictionary of banking /
_cGerald Klein.
250 _a2nd ed.
260 _aHarlow, England :
_bPrentice Hall,
_c1995.
300 _a348 p.
650 0 _aBanks and banking
_xTerminology.
_@0000148145
908 _a070111
950 _@1
999 _c14
_d14